000 00496nam a22001817a 4500
003 CEME
005 20210628203216.0
008 210122b xxu||||| |||| 00| 0 eng d
020 _a0-07-144848-9
040 _c.
082 _a551.5 GIB
100 _aGibilisco, Stan
_92372
245 _aMeteorology demystified, a self teaching guide
260 _aNEW YORK
_bMCGRAW HILL
_c2006
300 _aXI,323 P
650 _aMETEROLOGY- POPULAR WORKS.WEATHER- POPULAR WORKS
_963990
942 _cBK
_2ddc
999 _c572651
_d572651